[Event "Barcelona Sant Marti op 04th"]
[Site "Barcelona"]
[Date "2002.04.27"]
[Round "4.25"]
[White "Moreno Crespo, Lorenzo"]
[Black "Ani, Virgil"]
[Result "0-1"]
[WhiteElo "1815"]
[BlackElo "1920"]
[PlyCount "70"]
[EventDate "2002.04.06"]
[EventType "swiss"]
[EventRounds "9"]
[EventCountry "ESP"]
[SourceTitle "EXT 2003"]
[Source "ChessBase"]
[SourceDate "2002.11.25"]
[SourceVersion "1"]
[SourceVersionDate "2002.11.25"]
[SourceQuality "1"]

1. e4 Nf6 2. e5 Nd5 3. c4 Nb6 4. d4 d6 5. f4 dxe5 6. fxe5 Bf5 7. Nf3 e6 8. Be2 Be7 9. 0-0 N8d7 10. Nc3 h6 11. Be3 c6 12. a3 Bg5 13. Qd2 Bxe3+ 14. Qxe3 Bg4 15. h3 Bh5 16. b3 Qe7 17. Ne4 0-0-0 18. a4 Kb8 19. c5 Nd5 20. Qd2 g5 21. g4 Bg6 22. Nd6 f5 23. a5 fxg4 24. hxg4 Qh7 25. Kf2 Be4 26. a6 b5 27. Ra5 Rhf8 28. Ke1 Rf4 29. Nh2 Rxf1+ 30. Nxf1 Rf8 31. Ne3 Rf4 32. Nxe4 Nxe3 33. Nxg5 hxg5 34. Qxe3 Qb1+ 35. Bd1 Re4 0-1